000 00527 a2200193 4500
001 066773
003 OSt
005 20211007122330.0
008
082 _a339
_bD73M
100 1 _aDornbusch, Rudiger
245 1 _aMacroeconomics
_cby Rudiger Dornbusch and Stanley Fischer
250 _a6th ed.
260 _aNew Delhi
_bMcGraw Hill
_c2009
300 _a635p.
690 _aMacroeconomics; Australia; Economic history; Economic policy
700 _aFischer, Stanley
942 _2ddc
_cBK
999 _c776
_d776